000 00767nam a22002177a 4500
999 _c8577
_d8577
003 AR-CdUCM
008 190325b ||||| |||| 00| 0 spa d
040 _aMUNICIPALIDAD PROVINCIAL DEL CUSCO
_cBIBLIOTECA MUNICIPAL DEL CUSCO
082 _a531.3 /
_bT56
100 _aTimoshenko, S
_924021
245 _aDinámica superior /
260 _aEspartero :
_bUrmo,
_c1971.
300 _a476 páginas ;
_c26 cm.
505 _aContenido : Dinámica de la partícula -- Dinámica de un sistema de partículas -- Dinámica de los sistemas vinculados -- Teoría de las oscilaciones pequeñas ...
650 _aDinámica superior
_924022
650 _aTeoría
_95077
650 _aParticulas
_921360
700 _aYoung, D, H.
_924023
942 _2ddc
_cLIBROS
945 _arah